Pick the Real Homestuck Planets - Sudden Death - Statistics

General Stats
  • This quiz has been taken 41 times
  • The average score is 8 of 20
Answers on the Grid
Answers color-coded by a green-red scale on the quiz's grid according to % correct below.
Land of Blood and Haze
Land of Brains and Fire
Land of Caves and Echoes
Land of Caves and Silence
Land of Chests and Prizes
Land of Chests and Treasure
Land of Coffins and Oganesson
Land of Crypts and Helium
Land of Cubes and Sweet Tea
Land of Death and Angels
Land of Death and Fairies
Land of Dew and Glass
Land of Diamond and Song
Land of Earth and Lightning
Land of Echoes and Caverns
Land of Fire and Time
Land of Flow and Thought
Land of Freezing and Frogs
Land of Frogs and Sunlight
Land of Frost and Frogs
Land of Glass and Shine
Land of Graves and Argon
Land of Graves and Krypton
Land of Heat and Clockwork
Land of Huts and Mirth
Land of Light and Rain
Land of Little Cubes and Tea
Land of Maps and Treasure
Land of Mind and Flames
Land of Mind and Ripples
Land of Mounds and Neon
Land of Mounds and Xenon
Land of Night and Thunder
Land of Pulse and Haze
Land of Pulse and Smog
Land of Pyramids and Neon
Land of Pyramids and Xenon
Land of Pyres and Neon
Land of Pyres and Radon
Land of Quartz and Melody
Land of Rain and Light
Land of Rays and Frogs
Land of Sand and Breeze
Land of Sand and Zephyr
Land of Shade and Zephyr
Land of Shine and Droplets
Land of Smiles and Circus
Land of Snow and Frogs
Land of Snow and Salamanders
Land of Song and Dance
Land of Sugar Cubes and Coffee
Land of Sun and Frogs
Land of Sweat and Salamanders
Land of Tents and Mirth
Land of Tents and Smiles
Land of Thought and Flow
Land of Tombs and Krypton
Land of Tombs and Xenon
Land of Wind and Shade
Land of Wrath and Angels
 
Answer Stats
Answer % Correct
Land of Light and Rain
63%
Land of Tents and Mirth
56%
Land of Frost and Frogs
50%
Land of Wind and Shade
50%
Land of Brains and Fire
44%
Land of Heat and Clockwork
44%
Land of Little Cubes and Tea
44%
Land of Pyramids and Neon
44%
Land of Quartz and Melody
44%
Land of Wrath and Angels
44%
Land of Crypts and Helium
38%
Land of Dew and Glass
38%
Land of Maps and Treasure
38%
Land of Tombs and Krypton
38%
Land of Caves and Silence
31%
Land of Mounds and Xenon
31%
Land of Rays and Frogs
31%
Land of Sand and Zephyr
31%
Land of Thought and Flow
31%
Land of Pulse and Haze
25%
No matching quizzes found
Score Distribution
Percent of People with Each Score
Percentile by Number Answered
Your Score History
You have not taken this quiz